000 00528nam a2200133Ia 4500
005 20260209120152.0
008 260209s9999||||xx |||||||||||||| ||und||
100 _aSanu Ranjan
245 0 _aOther worlds are possible : in search of a language for the suffering other, a prayer from a Dasein
260 _aBangaloreBangalore
_bNLSIU, Bangalore
_c2024 - 2025
300 _a39 p. ; 25 cm.
700 _aProf. Dr. Sanjay Jain - SupervisorProf. Dr. Sanjay Jain - Supervisor
856 _uhttps://dans.nls.ac.in/handle/123456789/2459
999 _c217758
_d217758